000 00824nas a2200253 454500
001 29959
005 20260407193508.0
008 260407s1974####ag###########|||spa#d
003 AR-UNSa-BCEJYS
040 _aAR-UNSa-BCEJYS
_bspa
_cAR-UNSa-BCEJYS
080 _a338.45
_xIndustria como sector económico. Producción comercial, industrial
245 1 0 _aJapan´s industrial and technical information
264 1 _aTokyo :
_bJETRO
_c1974
310 _aFrecuencia:
041 _aspa
942 _cSER
590 _aniveau_biblio:s niveau_hierar:1
100 1 _aJapan External Trade Organization (JETRO)
650 _aEconomía industrial
650 _aIndustria
650 _aJapón
650 _aTecnología
856 4 1 _uhttps://biblioeco.unsa.edu.ar/pmb/images/revistas/Jetro2-r14488.jpg
_yImagen de portada
_qimage/jpeg
999 _c8686
_d8686